00217nam a2200085Ia 4500008004100000100002000041245002800061260003300089260000900122170620s9999 xx 000 0 und d aMalhotra- Sudha 0aDictionary of Education bNew Delhi- Mohit Publication c1995